000 00792nas a2200265 4500
001 BR0400781
003 BR-BrBNA
005 20231205104347.0
007 ta
008 230509b bl.|||p| |||| 00| 00por d
040 _aBR-BrBNA
_bpor
_cBiblioteca Nacional de Agricultura
041 _a(Pt)
072 _aK10
100 1 _aSilva, E.
100 1 _aBarros Filho, L.
100 1 _aBrites, R.S.
100 1 _aSouza, A.L. de
245 1 _aDiagnóstico de fragmentos florestais nativos, em nível de paisagem, Itabira-MG
650 _aFLORESTA NATIVA
650 _aRECONHECIMENTO FLORESTAL
650 _aMINAS GERAIS
773 0 _tRevista Árvore (Brazil)
_xISSN 0100-6762
_g(1997), v. 21(4) p. 511-520
_wBR0400781
909 _a202311
_bLúcia
_c55
_dLúcia Elande
942 _2AGRIS
_n0
_cANA
999 _c177747
_d177747